000 00443nam a22001817a 4500
003 OSt
005 20241121120736.0
008 241121b |||||||| |||| 00| 0 eng d
040 _cMRSPTU
041 _aENG
082 _a711.4
_bBR-U
100 _aBracken, Ian
245 _aUrban Planning Methods: Research and Policy Analysis
260 _aOxon
_bRoutledge Lib.
_c2007
300 _a400
650 _aArchitecture
942 _2ddc
_cBK
_n0
999 _c10474
_d10474